Normal view
MARC view
Entry Personal Name
001 - CONTROL NUMBER
- control field: 266046
003 - CONTROL NUMBER IDENTIFIER
- control field: OSt
005 - DATE AND TIME OF LATEST TRANSACTION
- control field: 20260627114620.0
008 - FIXED-LENGTH DATA ELEMENTS
- fixed length control field: 260627|| aca||aabn | a|a d
040 ## - CATALOGING SOURCE
- Original cataloging agency: OSt
- Transcribing agency: OSt
100 ## - HEADING--PERSONAL NAME
- Personal name: GANGADHARA BELLARE.
- Dates associated with a name: ಗಂಗಾಧರ ಬೆಳ್ಳಾರೆ
670 ## - SOURCE DATA FOUND
- Source citation: Work cat.: (OSt)107152: GANGADHARA BELLARE. ಗಂಗಾಧರ ಬೆಳ್ಳಾರೆ, Kalike hadiya magu: kiru lekhanagalu., 2005